00607nam a2200205 a 450000100060000000300080000600500170001400800410003102000150007203500190008704000270010604100080013308200250014110000440016624500470021026000510025730000320030850400360034065000250037667265BD-RjUL20211209081631.0170323t19731967caua b 001 0  a0201067102 a(BD-RjUL)67396 aIULcIULdBD-RjULbeng aeng 223a530.12bSAA 19731 aSakurai, J. J.q(Jun John),d1933-1982.10aAdvanced quantum mechanics /cJ.J. Sakurai aMenlo Park, Calif :bBenjamin/Cummings,c1976. axii, 336 p. :bill ;c25 cm aIncludes index and bibliography 0aQuantum field theory